Overthrow the class system (Record no. 70094)
[ view plain ]
| 000 -LEADER | |
|---|---|
| fixed length control field | 01644cam a2200253 4500 |
| 001 - CONTROL NUMBER | |
| control field | ABS65426 |
| 008 - FIXED-LENGTH DATA ELEMENTS--GENERAL INFORMATION | |
| fixed length control field | 020426n2002 000 0 eng u |
| 035 ## - SYSTEM CONTROL NUMBER | |
| System control number | (Sirsi) u117710 |
| 100 ## - MAIN ENTRY--PERSONAL NAME | |
| Personal name | Kemp, D |
| 245 ## - TITLE STATEMENT | |
| Title | Overthrow the class system |
| 260 ## - PUBLICATION, DISTRIBUTION, ETC. | |
| Date of publication, distribution, etc. | 2002 |
| 490 ## - SERIES STATEMENT | |
| Series statement | Estates Gazette |
| Volume/sequential designation | (0215) 13 April 2002, 128-129(2) |
| 520 ## - SUMMARY, ETC. | |
| Summary, etc. | Discusses government plans to reform the Use Classes Order 1987, highlighting implications of the proposed changes. Explains the reasons for reform which originated from concern over four areas: the effect of use changes on residents' amenity; the 24-hour economy; inconsistency between recent government policy and the Use Classes Order; and the rules over temporary uses. Examines proposals for use class A (retail and leisure) and provides a comparison between the 1987 order and option 1 which reclassifies uses as follows: Aa - 'mixed retail' uses; Ab - restaurants and cafes; Ac - public houses, bars and nightclubs. Also looks at proposals for class B (industry) which include the removal of light industrial uses from the same use class as B1 offices and research and development in order to stop the rise of out-of-town office developments. Includes useful summary of key use class A and B proposals. |
| 590 ## - LOCAL NOTE (RLIN) | |
| Local note | ABS |
| 650 ## - SUBJECT ADDED ENTRY--TOPICAL TERM | |
| Topical term or geographic name entry element | TOWN AND COUNTRY PLANNING (USE CLASSES) ORDERS |
| 650 ## - SUBJECT ADDED ENTRY--TOPICAL TERM | |
| Topical term or geographic name entry element | CHANGE OF USE |
| 650 ## - SUBJECT ADDED ENTRY--TOPICAL TERM | |
| Topical term or geographic name entry element | CLASS A |
| 650 ## - SUBJECT ADDED ENTRY--TOPICAL TERM | |
| Topical term or geographic name entry element | CLASS B |
| 650 ## - SUBJECT ADDED ENTRY--TOPICAL TERM | |
| Topical term or geographic name entry element | PLANNING REFORM |
| 650 ## - SUBJECT ADDED ENTRY--TOPICAL TERM | |
| Topical term or geographic name entry element | TOWN AND COUNTRY PLANNING (USE CLASSES) ORDER 1987 |
| 650 ## - SUBJECT ADDED ENTRY--TOPICAL TERM | |
| Topical term or geographic name entry element | PERMITTED DEVELOPMENT RIGHTS |
| 690 ## - LOCAL SUBJECT ADDED ENTRY--TOPICAL TERM (OCLC, RLIN) | |
| Topical term or geographic name as entry element | ENVIRONMENTAL AND LAND CONSULTANCY-PLANNING AND DEVELOPMENT |
| 942 ## - ADDED ENTRY ELEMENTS (KOHA) | |
| Suppress in OPAC | 0 |
| Withdrawn status | Lost status | Source of classification or shelving scheme | Damaged status | Not for loan | Home library | Current library | Shelving location | Date acquired | Total Checkouts | Full call number | Barcode | Date last seen | Copy number | Price effective from | Koha item type |
|---|---|---|---|---|---|---|---|---|---|---|---|---|---|---|---|
| Dewey Decimal Classification | London | London | Journal article | 26/04/2002 | ABS65426 | 117710-1001 | 06/08/2019 | 1 | 06/08/2019 | Journal article |